تطوير تقنية التعليم بالمكتبات / (رقم التسجيلة. 78956)
[ عرض عادي ]
| 000 -الفاتح | |
|---|---|
| حقل البيانات ثابتة الطول | 01260cam a2200289 i 4500 |
| 001 - رقم الضبط | |
| رقم الضبط | AUC_OC_124085459 |
| 003 - محدد رقم الضبط | |
| رقم الضبط | OSt |
| 005 - وقت وتاريخ اخر تعامل مع التسجيلة | |
| رقم الضبط | 20200922163312.0 |
| 008 - عناصر البيانات ثابتة الطول - معلومات عامة | |
| حقل البيانات ثابتة الطول | 200922s2020 ua f b 000 0 ara c |
| 020 ## - الرقم الدولى المعيارى للكتب | |
| الرقم الدولى المعيارى للكتاب | 9789773086503 |
| 020 ## - الرقم الدولى المعيارى للكتب | |
| الرقم الدولى المعيارى للكتاب | 9781234567897 |
| 040 ## - مصدر الفهرسة | |
| وكالة الفهرسة الأصلية | SA-RiPNU |
| لغة الفهرسة | ara |
| وكالة النسخ | Ma-un |
| قواعد الوصف | rda |
| 050 #4 - رقم طلب مكتبة الكونجرس | |
| رقم التصنيف | Z718 |
| رقم المادة | .N35 2020 |
| 082 04 - رقم تصنيف ديوى العشرى | |
| رقم التصنيف | 021.3 |
| رقم الطبعة | 21 |
| رقم المادة | ن ع ت |
| 090 ## - رقم الضبط المحلى | |
| رقم تصنيف (OCLC) (R) ;رقم تصنيف, CALL (RLIN) (NR) | 027.8 |
| كتر محلي OCLC رقم كتاب / رقم طلب غير مقسم,رقم RLIN( غير مكرر) | ن ج ا |
| 100 1# - المدخل الرئيسى - إسم شخصى | |
| الإسم الشخصى | النجار، عبد المقصود أحمد |
| الدور | مؤلف. |
| 245 10 - بيان العنوان | |
| العنوان | تطوير تقنية التعليم بالمكتبات / |
| بيان المسئوليه,etc | إعداد د. عبد المقصود أحمد النجار، د. إبراهيم جابر السيد. |
| 264 #1 - النشر, التوزيع, ETC. (IMPRINT) | |
| مكان الناشر او الموزع RDA | دسوق [مصر] : |
| اسم الناشر او الموزع RDA | دار العلم والإيمان النشر والتوزيع ؛ |
| مكان الناشر او الموزع RDA | الجزائر : |
| اسم الناشر او الموزع RDA | دار الجديد للنشر والتوزيع، |
| تاريخ النشر أو التوزيع | 2020. |
| تاريخ النشر هجري | 1441. |
| 300 ## - الوصف المادى | |
| التعداد | 239 صفحة ؛ |
| أبعاد الوعاء | 24 × 17 سم. |
| 490 0# - بيان السلسلة | |
| عنوان السلسلة | سلسلة علم المعلومات والتوثيق |
| 504 ## - تبصرة ببليوجرافية | |
| تبصرة ببليوجرافية,الخ | ببليوجرافية : صفحة 235-239. |
| 650 #7 - المدخل الاضافى بالموضوع-مصطلح موضوعى | |
| مصطلح موضوعي أو اسم جغرافي كعنصر مدخل | تكنولوجيا التعليم |
| 650 #7 - المدخل الاضافى بالموضوع-مصطلح موضوعى | |
| مصطلح موضوعي أو اسم جغرافي كعنصر مدخل | المكتبات والتعليم |
| 700 1# - المدخل الاضافى - اسم شخصى | |
| الإسم الشخصى | السيد، إبراهيم جابر |
| الدور | مؤلف. |
| 952 ## - LOCATION AND ITEM INFORMATION (KOHA) | |
| نوع المادة فى نظام كوها | كتاب |
| 952 ## - LOCATION AND ITEM INFORMATION (KOHA) | |
| نوع المادة فى نظام كوها | كتاب |
| 952 ## - LOCATION AND ITEM INFORMATION (KOHA) | |
| نوع المادة فى نظام كوها | كتاب |
| 952 ## - LOCATION AND ITEM INFORMATION (KOHA) | |
| نوع المادة فى نظام كوها | كتاب |
| 952 ## - LOCATION AND ITEM INFORMATION (KOHA) | |
| نوع المادة فى نظام كوها | كتاب |
| 952 ## - LOCATION AND ITEM INFORMATION (KOHA) | |
| نوع المادة فى نظام كوها | كتاب |
| 952 ## - LOCATION AND ITEM INFORMATION (KOHA) | |
| نوع المادة فى نظام كوها | كتاب |
| 952 ## - LOCATION AND ITEM INFORMATION (KOHA) | |
| نوع المادة فى نظام كوها | كتاب |
| 952 ## - LOCATION AND ITEM INFORMATION (KOHA) | |
| نوع المادة فى نظام كوها | كتاب |
| 952 ## - LOCATION AND ITEM INFORMATION (KOHA) | |
| نوع المادة فى نظام كوها | كتاب |
| 952 ## - LOCATION AND ITEM INFORMATION (KOHA) | |
| نوع المادة فى نظام كوها | كتاب |
| 952 ## - LOCATION AND ITEM INFORMATION (KOHA) | |
| نوع المادة فى نظام كوها | كتاب |
| 952 ## - LOCATION AND ITEM INFORMATION (KOHA) | |
| نوع المادة فى نظام كوها | كتاب |
| 942 ## - | |
| -- | ddc |
| -- | BOOK |
| 949 ## - معلومات معالجة محلية(OCLC) | |
| a | SA-RiPNU |
| n | 1 |
| d | 200922 |
| u | pnuone |
| حالة الفقد | نموذج السعر الفعال | حالة تلف | ليس للاعارة | تاريخ الاكتساب | رقم الطلب | تاريخ الاكتساب | الموقع الحالي | الباركود | الفرع الرئيسي | Date last seen | مصدر التصنيف او خطة الترفيف | Total Checkouts |
|---|---|---|---|---|---|---|---|---|---|---|---|---|
| 2020-09-22 | 2020-09-22 | 021.3 ن ع ت | 2020-09-22 | CL | 00163282 | المكتبة المركزية بالمجمعة (CL) | 2020-09-22 | Dewey Decimal Classification | ||||
| 2020-09-22 | 2020-09-22 | 021.3 ن ع ت | 2020-09-22 | CL | 00163283 | المكتبة المركزية بالمجمعة (CL) | 2020-09-22 | Dewey Decimal Classification | ||||
| 2020-09-22 | 2020-09-22 | 021.3 ن ع ت | 2020-09-22 | CL | 00163284 | المكتبة المركزية بالمجمعة (CL) | 2020-09-22 | Dewey Decimal Classification | ||||
| 2020-09-22 | 2020-09-22 | 021.3 ن ع ت | 2020-09-22 | EMF | 00163289 | مكتبة مجمع الطالبات بالمجمعة (EMF) | 2020-09-22 | Dewey Decimal Classification | ||||
| 2020-09-22 | 2020-09-22 | 021.3 ن ع ت | 2020-09-22 | EMF | 00163290 | مكتبة مجمع الطالبات بالمجمعة (EMF) | 2020-09-22 | Dewey Decimal Classification | ||||
| 2020-09-22 | 2020-09-22 | 021.3 ن ع ت | 2020-09-22 | EZF | 00163287 | مكتبة كلية التربية بالزلفى - طالبات (EZF) | 2020-09-22 | Dewey Decimal Classification | ||||
| 2020-09-22 | 2020-09-22 | 021.3 ن ع ت | 2020-09-22 | EZF | 00163288 | مكتبة كلية التربية بالزلفى - طالبات (EZF) | 2020-09-22 | Dewey Decimal Classification | ||||
| 2020-09-22 | 2020-09-22 | 021.3 ن ع ت | 2020-09-22 | IC | 00163291 | قسم الاجراءات الفنية (IC) | 2020-09-22 | Dewey Decimal Classification | ||||
| 2020-09-22 | 2020-09-22 | 021.3 ن ع ت | 2020-09-22 | IC | 00163292 | قسم الاجراءات الفنية (IC) | 2020-09-22 | Dewey Decimal Classification | ||||
| 2020-09-22 | 2020-09-22 | 021.3 ن ع ت | 2020-09-22 | IC | 00163293 | قسم الاجراءات الفنية (IC) | 2020-09-22 | Dewey Decimal Classification | ||||
| 2020-09-22 | 2020-09-22 | 021.3 ن ع ت | 2020-09-22 | IC | 00163294 | قسم الاجراءات الفنية (IC) | 2020-09-22 | Dewey Decimal Classification | ||||
| 2020-09-22 | 2020-09-22 | 021.3 ن ع ت | 2020-09-22 | SZM | 00163285 | مكتبة مجمع الكليات بالزلفى - طلاب (SZM) | 2020-09-22 | Dewey Decimal Classification | ||||
| 2020-09-22 | 2020-09-22 | 021.3 ن ع ت | 2020-09-22 | SZM | 00163286 | مكتبة مجمع الكليات بالزلفى - طلاب (SZM) | 2020-09-22 | Dewey Decimal Classification |
